Organic chemistry
Kaydedildi:
| Yazar: | |
|---|---|
| Materyal Türü: | Kitap |
| Dil: | İngilizce |
| Baskı/Yayın Bilgisi: |
McGraw-Hill
2017
|
| Etiketler: |
Etiketle
Etiket eklenmemiş, İlk siz ekleyin!
|
MARC
| LEADER | 00000nam a22000007a 4500 | ||
|---|---|---|---|
| 008 | 210120b ||||| |||| 00| 0 eng d | ||
| 020 | |a 978-1-259-25488-8 | ||
| 100 | |a SMITH, Janice Gorzynski | ||
| 245 | |a Organic chemistry |c Janice Gorzynski Smith | ||
| 250 | |b 5th | ||
| 260 | |b McGraw-Hill |c 2017 |h New York |i 691044 – Sci., 691152, 691153 |l QD253.2 .Sm6 | ||
| 942 | |a lcc |c BK |e Mr ogunleye | ||
| 952 | |0 0 |1 0 |2 lcc |4 0 |6 QD02532 S M6 |7 0 |9 1273 |a HOL |b SL |d 2021-01-20 |l 0 |o QD253.2 .Sm6 |p 2021-0086 |r 2021-01-20 00:00:00 |w 2021-01-20 |y BK | ||
| 952 | |0 0 |1 0 |2 lcc |4 0 |6 QD02532 S M6 |7 0 |9 1274 |a HOL |b HOL |d 2021-01-20 |l 0 |o QD253.2 .Sm6 |p 2021-0087 |r 2021-01-20 00:00:00 |w 2021-01-20 |y BK | ||
| 952 | |0 0 |1 0 |2 lcc |4 0 |6 QD02532 S M6 |7 0 |9 1275 |a HOL |b HOL |d 2021-01-20 |l 0 |o QD253.2 .Sm6 |p 2021-0088 |r 2021-01-20 00:00:00 |w 2021-01-20 |y BK | ||
| 999 | |c 659 |d 659 | ||